00545 2200205 4500001002100000005001500021035002000036245004700056100002500103250001100128300002200139260004000161082000800201084001400209020002200223650002500245008004100270990001400311990001400325INLIS00000000000204620260428090646 a0010-04260000451 aTaksonomi Kognitif /cWowo Sunaryo Kusnawa0 aWowo Sunaryo Kusnawa aCet II a292 hlm ;c24 cm. aBandung :bRemaja Rosdakarya,c2014 a153 a153 WOW t a978-979-692-079-2 4aPsikologi Pendidikan260428 0 ind  a201700255 a201700256